000 00314nam a22001337a 4500
008 171005b xxu||||| |||| 00| 0 eng d
020 _a9780060414184
041 _aeng
080 _25TH
_a519.9
100 _a49
101 _aPSI
245 _aESSENTIALS OF PSYCHOLOGICAL TESTING
_cCRONBACH,L.J
942 _2udc
_cBK
999 _c31950
_d31950